[Event "Tradewise Hastings Masters 15-16"]
[Site "Hastings, England"]
[Date "2015.12.31"]
[Round "4.1"]
[White "Gormally, Daniel W"]
[Black "Mista, Aleksander"]
[Result "0-1"]
[WhiteElo "2506"]
[BlackElo "2567"]
[PlyCount "158"]
[EventDate "2015.??.??"]

1. e4 e5 2. Nf3 Nc6 3. Bb5 g6 4. c3 a6 5. Ba4 d6 6. d4 Bd7 7. O-O Bg7 8. Re1
Nge7 9. d5 Nb8 10. Bxd7+ Nxd7 11. c4 O-O 12. Nc3 h6 13. b4 f5 14. Nd2 c5 15.
dxc6 Nxc6 16. Nb3 Nf6 17. a3 Rc8 18. Bb2 Qc7 19. c5 Rcd8 20. Nd5 Qf7 21. Nxf6+
Qxf6 22. cxd6 Rxd6 23. Qc2 Rfd8 24. Rad1 Qf7 25. Rxd6 Rxd6 26. Rd1 Rxd1+ 27.
Qxd1 Bf8 28. f3 Qe6 29. Qd5 Kf7 30. Kf2 Bd6 31. Qxe6+ Kxe6 32. Ke2 h5 33. Kd3
b6 34. Bc1 f4 35. Bd2 Kd7 36. Be1 Na7 37. Nd2 b5 38. Nb1 Nc8 39. Bf2 Bc7 40.
Nc3 Bb6 41. Be1 Bg1 42. h3 Nb6 43. Ne2 Be3 44. Kc3 Ke6 45. Kb3 g5 46. Nc3 Bd4
47. Ne2 Nc4 48. a4 Ne3 49. axb5 axb5 50. Bf2 Nxg2 51. Nxd4+ exd4 52. Kc2 g4 53.
fxg4 hxg4 54. hxg4 Ne3+ 55. Kd3 Nxg4 56. Bxd4 f3 57. Ba7 Kf6 58. Bb8 Kg5 59.
Bg3 Nf6 60. Ke3 Kg4 61. Be1 Nd7 62. Kd4 Kf4 63. Bd2+ Kg3 64. Be1+ Kf4 65. Bd2+
Kg4 66. Be1 Nf8 67. Kd5 Ng6 68. e5 Kf5 69. e6 Nf4+ 70. Kd4 Nxe6+ 71. Ke3 Kg4
72. Ke4 Nf4 73. Bf2 Ne2 74. Ke3 Nc3 75. Kd4 Nd1 76. Be1 Kh3 77. Kc5 Nb2 78. Kd4
Kg2 79. Bh4 Nc4 0-1

[Event "Tradewise Hastings Masters 15-16"]
[Site "Hastings, England"]
[Date "2015.12.31"]
[Round "4.2"]
[White "Karthik, V. AP."]
[Black "Berkes, Ferenc"]
[Result "0-1"]
[WhiteElo "2310"]
[BlackElo "2650"]
[PlyCount "150"]
[EventDate "2015.??.??"]

1. d4 e6 2. c4 f5 3. Nf3 Nf6 4. g3 c6 5. Bg2 d5 6. O-O Bd6 7. b3 Qe7 8. a4 O-O
9. Ba3 Bxa3 10. Nxa3 Bd7 11. Nc2 Be8 12. Nce1 Nbd7 13. Nd3 Bh5 14. c5 Rae8 15.
Re1 Ng4 16. h3 Nh6 17. Qd2 Nf7 18. Qa5 a6 19. Qb4 Rb8 20. Qc3 Rbe8 21. Qb4 Rb8
22. Qc3 Rbe8 23. Qb4 Nf6 24. Nfe5 g5 25. Qd2 Nd7 26. Nxd7 Qxd7 27. Ne5 Qe7 28.
Nxf7 Rxf7 29. f4 Rg7 30. Kh2 gxf4 31. gxf4 Qh4 32. Qe3 Kf7 33. Rg1 Reg8 34. Bf3
Bg4 35. Bg2 a5 36. Raf1 Rg6 37. Qe5 Bh5 38. Bf3 Bxf3 39. Rxg6 Rxg6 40. Rxf3 Qe1
41. Qe3 h5 42. Qf2 Qd1 43. Rd3 Qc2 44. Rf3 Rg7 45. Qe3 h4 46. Qf2 Qd1 47. Rd3
Qa1 48. Rf3 Ke8 49. Qe3 Kd7 50. Qf2 Rg6 51. Qe3 Kc8 52. Qf2 Kb8 53. Rd3 Ka7 54.
Rf3 b6 55. cxb6+ Kxb6 56. Rd3 Qc1 57. Rf3 Kc7 58. Rd3 Kd6 59. Rf3 Rg7 60. Rd3
Rg8 61. Rf3 Qa1 62. Qe3 Qe1 63. Qe5+ Kd7 64. Qe3 Kc7 65. Qf2 Qxf2+ 66. Rxf2 Rg3
67. Rg2 Rxb3 68. Rg7+ Kb6 69. Rh7 Re3 70. Rxh4 Rxe2+ 71. Kg3 Re3+ 72. Kf2 Re4
73. Rh6 Rxf4+ 74. Ke3 Re4+ 75. Kd3 c5 0-1

[Event "Tradewise Hastings Masters 15-16"]
[Site "Hastings, England"]
[Date "2015.12.31"]
[Round "4.3"]
[White "Sarkar, Justin"]
[Black "Vakhidov, Jahongir"]
[Result "0-1"]
[WhiteElo "2407"]
[BlackElo "2546"]
[PlyCount "126"]
[EventDate "2015.??.??"]

1. d4 Nf6 2. c4 c5 3. d5 e5 4. Nc3 d6 5. e4 Nbd7 6. Bd3 Be7 7. Nge2 Nf8 8. O-O
Ng6 9. Ng3 O-O 10. Nf5 Ne8 11. Qh5 Bf6 12. g3 Ne7 13. h4 g6 14. Nh6+ Kg7 15.
Qe2 Ng8 16. Nxg8 Kxg8 17. Bh6 Bg7 18. Bg5 f6 19. Bd2 Qe7 20. h5 f5 21. hxg6
hxg6 22. exf5 gxf5 23. Kg2 Qf7 24. Rh1 Bd7 25. Rh5 e4 26. Bc2 Nf6 27. Rh4 Qg6
28. Rah1 Rae8 29. Bf4 Ng4 30. Rh5 Rf6 31. Nd1 Ne5 32. Rg5 Qf7 33. Bxe5 Rxe5 34.
f3 Rg6 35. Rxg6 Qxg6 36. f4 Re7 37. b3 e3 38. Bd3 Be8 39. Re1 Bd4 40. Qf3 Rh7
41. Nxe3 Qh6 42. Kf2 Bg6 43. Qg2 Re7 44. a4 Qh8 45. Qf3 Bh5 46. Qh1 Bc3 47.
Bxf5 Bxe1+ 48. Qxe1 Qb2+ 49. Kg1 Bf7 50. a5 Kf8 51. Bc8 Bg6 52. f5 Bh5 53. Be6
Rh7 54. Qf2 Qc1+ 55. Nf1 Rg7 56. f6 Rg5 57. Kg2 Re5 58. g4 Qg5 59. Kg3 Re4 60.
Qf3 Qe5+ 61. Kh4 Rf4 62. Qe3 Qxf6+ 63. Kxh5 Kg7 0-1

[Event "Tradewise Hastings Masters 15-16"]
[Site "Hastings, England"]
[Date "2015.12.31"]
[Round "4.4"]
[White "Longson, Alexander"]
[Black "Arkell, Keith C"]
[Result "0-1"]
[WhiteElo "2320"]
[BlackElo "2490"]
[PlyCount "60"]
[EventDate "2015.??.??"]

1. e4 d6 2. d4 g6 3. Nc3 a6 4. Be3 b5 5. Bd3 Bb7 6. Nf3 Nd7 7. a4 b4 8. Ne2 c5
9. c3 Ngf6 10. Ng3 cxd4 11. cxd4 Bg7 12. a5 O-O 13. O-O Qb8 14. Qa4 Bc8 15.
Rac1 e5 16. dxe5 Ng4 17. Bg5 Nc5 18. Rxc5 dxc5 19. Be7 Nxe5 20. Nxe5 Qxe5 21.
Bxf8 Bxf8 22. Bc4 Be6 23. Bxe6 Qxe6 24. Rd1 c4 25. f3 Rc8 26. Ne2 Qe5 27. Rd2
Bh6 28. f4 Qxe4 29. Qxb4 Bxf4 30. Nxf4 Qe1# 0-1

[Event "Tradewise Hastings Masters 15-16"]
[Site "Hastings, England"]
[Date "2015.12.31"]
[Round "4.5"]
[White "Pap, Gyula"]
[Black "Batchelor, Peter J"]
[Result "1-0"]
[WhiteElo "2551"]
[BlackElo "2307"]
[PlyCount "81"]
[EventDate "2015.??.??"]

1. d4 d5 2. Nf3 Nf6 3. e3 g6 4. c4 Bg7 5. cxd5 O-O 6. Be2 Nxd5 7. e4 Nb6 8. O-O
Bg4 9. Nbd2 e5 10. dxe5 Nc6 11. Qc2 Qe7 12. h3 Be6 13. Nb3 Rfe8 14. Bg5 Bxb3
15. axb3 Qe6 16. Bb5 Bxe5 17. Nxe5 Qxe5 18. Bxc6 bxc6 19. Bh6 Re6 20. Qc3 Qxc3
21. bxc3 Rxe4 22. Ra5 f6 23. c4 Nc8 24. Rd1 g5 25. f4 Rxf4 26. Rd7 Re4 27. Rf5
Re6 28. Rg7+ Kh8 29. Rgxg5 Nd6 30. Rxf6 Rxf6 31. Bg7+ Kg8 32. Bxf6+ Kf8 33. Rh5
Kg8 34. Rg5+ Kf8 35. Rc5 Ke8 36. Rh5 Rb8 37. Rxh7 Nf7 38. h4 Rxb3 39. h5 Rg3
40. h6 Rg6 41. Rxf7 1-0

[Event "Tradewise Hastings Masters 15-16"]
[Site "Hastings, England"]
[Date "2015.12.31"]
[Round "4.6"]
[White "Sulskis, Sarunas"]
[Black "Wadsworth, Matthew J"]
[Result "1-0"]
[WhiteElo "2535"]
[BlackElo "2273"]
[PlyCount "95"]
[EventDate "2015.??.??"]

1. c4 e5 2. g3 Nf6 3. Bg2 c6 4. Nf3 e4 5. Nd4 d5 6. cxd5 Qxd5 7. Nc2 Qh5 8. Ne3
Bh3 9. Qb3 b6 10. d3 Bc5 11. Bxh3 Qxh3 12. dxe4 Nxe4 13. Nd2 Nxd2 14. Bxd2 O-O
15. Qc2 Nd7 16. Qf5 Qxf5 17. Nxf5 Rfe8 18. Bc3 Bf8 19. e3 g6 20. Nd4 Rac8 21.
O-O-O Nc5 22. Bb4 Ne4 23. Bxf8 Kxf8 24. Rhf1 c5 25. Nb5 a6 26. Nd6 Nxd6 27.
Rxd6 Re6 28. Rd7 Rcc6 29. Rfd1 b5 30. R1d5 Re7 31. Kd2 Rxd7 32. Rxd7 Ke8 33.
Ra7 h5 34. h3 Rd6+ 35. Ke2 Rc6 36. g4 hxg4 37. hxg4 g5 38. f4 gxf4 39. exf4
Re6+ 40. Kf3 Rd6 41. g5 f5 42. Kg3 Rd2 43. g6 Kf8 44. Kh4 Rxb2 45. Kg5 Rd2 46.
Kxf5 c4 47. Rc7 Rxa2 48. g7+ 1-0

[Event "Tradewise Hastings Masters 15-16"]
[Site "Hastings, England"]
[Date "2015.12.31"]
[Round "4.7"]
[White "Fodor, Tamas Jr"]
[Black "Rudd, Jack"]
[Result "1-0"]
[WhiteElo "2492"]
[BlackElo "2255"]
[PlyCount "101"]
[EventDate "2015.??.??"]

1. d4 d6 2. Nf3 Bg4 3. g3 Qd7 4. Bg2 Bh3 5. O-O Bxg2 6. Kxg2 Nf6 7. c4 c5 8. d5
g6 9. Nc3 Bg7 10. e4 O-O 11. Bf4 Na6 12. Qd2 Rfe8 13. Rae1 Nc7 14. e5 Nh5 15.
Ne4 f5 16. Nc3 b5 17. cxb5 Nxf4+ 18. Qxf4 dxe5 19. Nxe5 Qd6 20. Nc6 Qxf4 21.
gxf4 Bxc3 22. bxc3 Nxd5 23. c4 Nxf4+ 24. Kf3 Nd3 25. Rxe7 Rxe7 26. Nxe7+ Kf7
27. Nc6 Re8 28. Nxa7 Ne5+ 29. Kg2 Ra8 30. Nc6 Nxc4 31. Rc1 Nb6 32. Rxc5 Rxa2
33. Nd4 Rd2 34. Rc7+ Ke8 35. Ne6 Rd7 36. Rc6 Nd5 37. Nc5 Ra7 38. b6 Ra3 39. h4
Nxb6 40. Rxb6 Rc3 41. Ne6 Rc4 42. Kg3 h6 43. Rb7 Re4 44. Ng7+ Kf8 45. h5 Rg4+
46. Kf3 g5 47. Ne6+ Kg8 48. Rg7+ Kh8 49. Rg6 Kh7 50. Nf8+ Kh8 51. Nd7 1-0

[Event "Tradewise Hastings Masters 15-16"]
[Site "Hastings, England"]
[Date "2015.12.31"]
[Round "4.7"]
[White "Hebden, Mark L"]
[Black "Lyell, Mark"]
[Result "1-0"]
[WhiteElo "2469"]
[BlackElo "2228"]
[PlyCount "83"]
[EventDate "2015.??.??"]

1. d4 e6 2. Nf3 f5 3. g3 Nf6 4. Bg2 d5 5. O-O Bd6 6. c4 c6 7. Bf4 Bxf4 8. gxf4
O-O 9. e3 Nbd7 10. Ne5 Ne4 11. Qc2 Qe7 12. f3 Nd6 13. b3 Nxe5 14. fxe5 Nf7 15.
f4 b6 16. Nc3 Ba6 17. Rf2 Rac8 18. Na4 Nd8 19. Rc1 Nb7 20. cxd5 exd5 21. Qd1
Nd8 22. Rfc2 Qd7 23. Bf1 Bxf1 24. Qxf1 Ne6 25. Nc3 Kh8 26. h4 Nd8 27. Nd1 Nf7
28. Qf3 Nh6 29. Nf2 Ng4 30. h5 Rfe8 31. Nxg4 fxg4 32. Qg3 Qf5 33. Rg2 Qd3 34.
Kh2 Rg8 35. Qxg4 Qxe3 36. Rd1 g6 37. hxg6 Rc7 38. Qh4 Rcg7 39. Rdg1 Qxd4 40.
Qf6 Qe4 41. Rg4 Re8 42. Rh4 1-0

[Event "Tradewise Hastings Masters 15-16"]
[Site "Hastings, England"]
[Date "2015.12.31"]
[Round "4.8"]
[White "Byron, Alan M"]
[Black "Romanishin, Oleg M"]
[Result "0-1"]
[WhiteElo "2175"]
[BlackElo "2462"]
[PlyCount "103"]
[EventDate "2015.??.??"]

1. e4 e5 2. Nf3 Nc6 3. Bb5 a6 4. Ba4 Nf6 5. O-O Be7 6. Re1 b5 7. Bb3 d6 8. c3
O-O 9. h3 a5 10. d4 a4 11. Bc2 Bd7 12. Nbd2 Re8 13. Nf1 h6 14. Ng3 Bf8 15. Bd3
Na5 16. d5 c6 17. dxc6 Bxc6 18. Qe2 Qd7 19. Bc2 Nc4 20. Nd2 Nb6 21. Nh5 Nxh5
22. Qxh5 d5 23. Re3 g6 24. Rg3 Bg7 25. Qe2 d4 26. Nf1 Qe7 27. h4 Qxh4 28. Rh3
Qe7 29. Bxh6 Bxh6 30. Rxh6 Kg7 31. Rh3 Rh8 32. Rxh8 Rxh8 33. cxd4 exd4 34. Qd3
Rd8 35. Nd2 Qb4 36. b3 Nd7 37. Rd1 Nc5 38. Qg3 d3 39. Qe5+ Kg8 40. Bb1 Nxe4 41.
a3 Qc3 42. Qc7 Qd4 43. Nxe4 Bxe4 44. bxa4 bxa4 45. Ba2 Rd7 46. Qb8+ Kg7 47. Rd2
Qc3 48. Qf4 Bd5 49. Bxd5 Rxd5 50. g4 Qxa3 51. Rd1 Qb3 52. Qc7 0-1

[Event "Tradewise Hastings Masters 15-16"]
[Site "Hastings, England"]
[Date "2015.12.31"]
[Round "4.9"]
[White "Flear, Glenn C"]
[Black "Eggleston, Thomas A"]
[Result "1-0"]
[WhiteElo "2459"]
[BlackElo "2159"]
[PlyCount "81"]
[EventDate "2015.??.??"]

1. d4 Nf6 2. c4 c5 3. d5 e6 4. Nc3 exd5 5. cxd5 d6 6. Nf3 g6 7. Bf4 a6 8. a4
Bg7 9. h3 Qe7 10. Nd2 Nh5 11. Bh2 Nd7 12. g4 Nhf6 13. Nc4 Ne5 14. Bxe5 dxe5 15.
Bg2 O-O 16. Qd3 Rb8 17. O-O Bh6 18. Rfd1 b5 19. axb5 axb5 20. Na5 c4 21. d6 Qe6
22. Qc2 Rb6 23. Nc6 Bd7 24. Nd5 Nxd5 25. Bxd5 Qf6 26. Qe4 Kg7 27. Ra7 Qxd6 28.
Nxe5 Be6 29. Rd4 Bxd5 30. Rxd5 Qe6 31. Rdd7 Kg8 32. Nxf7 Rxf7 33. Qxe6 Rxe6 34.
Rxf7 Rxe2 35. Rfb7 Rxb2 36. Ra8+ Bf8 37. Rbb8 c3 38. Rxf8+ Kg7 39. Rfc8 c2 40.
Ra7+ Kf6 41. Rac7 1-0

[Event "Tradewise Hastings Masters 15-16"]
[Site "Hastings, England"]
[Date "2015.12.31"]
[Round "4.10"]
[White "Ledger, Dave J"]
[Black "Bagi, Mate"]
[Result "0-1"]
[WhiteElo "2212"]
[BlackElo "2440"]
[PlyCount "98"]
[EventDate "2015.??.??"]

1. e4 e5 2. Nf3 Nc6 3. Bc4 Nf6 4. d3 Be7 5. O-O d6 6. a4 O-O 7. Re1 a5 8. h3
Nd7 9. Nc3 Nb6 10. Bb3 Be6 11. Be3 Bxb3 12. cxb3 Nd7 13. d4 exd4 14. Nxd4 Bf6
15. Nd5 Bxd4 16. Bxd4 Nxd4 17. Qxd4 Nc5 18. Re3 Ne6 19. Qd2 c6 20. Nc3 Qb6 21.
Qxd6 Rad8 22. Qe5 Rd2 23. Ne2 Rfd8 24. Ng3 Qc5 25. Qf5 Rxb2 26. e5 Qd4 27. Rf3
Qd7 28. Re3 Nd4 29. Qg5 h6 30. Qh4 Rxb3 31. Rxb3 Nxb3 32. Rb1 Nc5 33. Nf5 Ne6
34. Nd6 Rb8 35. f4 Nd4 36. Rd1 c5 37. Qh5 Qe7 38. Re1 Rd8 39. Rb1 Rd7 40. Ne4
Rc7 41. Rb6 Rc6 42. Rxc6 Nxc6 43. Qg4 c4 44. Nf6+ Kh8 45. Nh5 Qf8 46. Kf1 c3
47. Qe2 Nb4 48. e6 c2 49. Qe3 Qc8 0-1

[Event "Tradewise Hastings Masters 15-16"]
[Site "Hastings, England"]
[Date "2015.12.31"]
[Round "4.11"]
[White "Nagy, Gabor"]
[Black "Tarhon, Brian"]
[Result "1-0"]
[WhiteElo "2403"]
[BlackElo "2139"]
[PlyCount "121"]
[EventDate "2015.??.??"]

1. Nf3 Nf6 2. c4 e6 3. Nc3 d5 4. d4 Be7 5. Bf4 O-O 6. e3 c6 7. Qc2 b6 8. Bd3
Bb7 9. Rd1 Nbd7 10. O-O Rc8 11. h3 a6 12. e4 dxe4 13. Nxe4 Nxe4 14. Bxe4 Nf6
15. Bd3 Bd6 16. Be5 h6 17. Qe2 Qe7 18. Bxd6 Qxd6 19. c5 bxc5 20. Qe5 Rfd8 21.
Qxd6 Rxd6 22. dxc5 Rd5 23. b4 a5 24. bxa5 Ra8 25. a6 Bxa6 26. Bxa6 Rxa6 27.
Rxd5 Nxd5 28. Rb1 Rxa2 29. Rb8+ Kh7 30. Rc8 Nb4 31. Ne5 Rc2 32. Nxf7 Rxc5 33.
Nd8 e5 34. Ne6 Rc1+ 35. Kh2 Nd3 36. Rc7 Kg6 37. Nxg7 c5 38. Ne8 Nxf2 39. Rg7+
Kf5 40. Rf7+ Ke4 41. Rxf2 c4 42. Nd6+ Kd4 43. Rd2+ Kc5 44. Ne4+ Kb4 45. Rd5 c3
46. Nxc3 Rxc3 47. Rxe5 Rc6 48. Rd5 Kc4 49. Rd1 Rg6 50. g4 h5 51. Kg3 hxg4 52.
hxg4 Ra6 53. g5 Ra3+ 54. Kg4 Ra2 55. g6 Rg2+ 56. Kf5 Rf2+ 57. Ke6 Re2+ 58. Kf7
Rf2+ 59. Kg8 Rg2 60. g7 Kc5 61. Rh1 1-0

[Event "Tradewise Hastings Masters 15-16"]
[Site "Hastings, England"]
[Date "2015.12.31"]
[Round "4.13"]
[White "Gluckman, Paul"]
[Black "Eggleston, David J"]
[Result "0-1"]
[WhiteElo "1742"]
[BlackElo "2396"]
[Annotator "Carr,Matthew"]
[PlyCount "42"]
[EventDate "2015.??.??"]

1. e4 c5 2. Nf3 d6 3. Be2 Nf6 4. Nc3 Nc6 5. O-O Bg4 6. d3 g6 7. h3 Bxf3 8. Bxf3
Bg7 9. Bf4 O-O 10. Ne2 Nd7 11. c3 Nde5 12. Qd2 Nxf3+ 13. gxf3 f5 14. Qc2 Qd7
15. Bg3 fxe4 16. dxe4 Qxh3 17. Qb3+ Kh8 18. Nf4 Rxf4 19. Bxf4 Rf8 20. Qc2 Rxf4
21. Rfe1 Rh4 0-1

[Event "Tradewise Hastings Masters 15-16"]
[Site "Hastings, England"]
[Date "2015.12.31"]
[Round "4.14"]
[White "Willson, Ollie"]
[Black "Krishna C R G"]
[Result "0-1"]
[WhiteElo "2033"]
[BlackElo "2367"]
[PlyCount "128"]
[EventDate "2015.??.??"]

1. d4 d6 2. c4 f5 3. Nf3 Nf6 4. g3 g6 5. Bg2 Bg7 6. O-O O-O 7. Nc3 Nc6 8. d5
Ne5 9. Nxe5 dxe5 10. b3 a5 11. Ba3 Ra6 12. Qd2 f4 13. Rad1 Qd7 14. Qd3 Rf7 15.
c5 Qg4 16. c6 b6 17. Qc4 Ra8 18. Nb5 Ba6 19. Bb2 Ne8 20. d6 Nxd6 21. Rxd6 exd6
22. Bd5 Raf8 23. a4 Qf5 24. e4 Qh3 25. Be6 Qh5 26. g4 Qg5 27. f3 h5 28. Bxf7+
Rxf7 29. Qe6 Bxb5 30. axb5 hxg4 31. Qxg4 Qxg4+ 32. fxg4 Bf6 33. Rf3 Rh7 34. h3
Kf7 35. Kg2 Ke6 36. Rd3 Rh8 37. Ba3 Bh4 38. Rd1 Rf8 39. Kf3 Bg3 40. Bb2 Bh4 41.
Bc3 Bf6 42. Rd3 Rd8 43. Rd5 Rh8 44. Kg2 f3+ 45. Kg3 Bg5 46. Rd3 Bf4+ 47. Kxf3
Rxh3+ 48. Ke2 Rh2+ 49. Kf1 Rh4 50. Be1 Rxg4 51. Bxa5 Rg3 52. Rxg3 Bxg3 53. Bd2
Bf4 54. Be1 d5 55. exd5+ Kxd5 56. Bb4 g5 57. Ke2 e4 58. Be7 g4 59. Bf8 Bd6 60.
Bh6 g3 61. Bg5 Kc5 62. Ke3 Kxb5 63. Kxe4 g2 64. Be3 Bc5 0-1

[Event "Tradewise Hastings Masters 15-16"]
[Site "Hastings, England"]
[Date "2015.12.31"]
[Round "4.15"]
[White "Radovanovic, Jovica"]
[Black "Atako, Chino C"]
[Result "1-0"]
[WhiteElo "2321"]
[BlackElo "2050"]
[PlyCount "69"]
[EventDate "2015.??.??"]

1. d4 e6 2. Nf3 Nf6 3. c4 Bb4+ 4. Nbd2 O-O 5. a3 Bxd2+ 6. Bxd2 b6 7. Bg5 Bb7 8.
e3 h6 9. Bh4 d6 10. Bd3 Nbd7 11. O-O e5 12. Bf5 Qe8 13. Nd2 Nh7 14. Rc1 Ndf6
15. Qc2 Bc8 16. Bd3 Bb7 17. f3 g6 18. c5 dxc5 19. dxc5 e4 20. fxe4 Ng4 21. Qb3
Ne5 22. Bb5 Bc6 23. Bxc6 Nxc6 24. Qd5 g5 25. Be1 Rd8 26. Qf5 Ne5 27. cxb6 cxb6
28. Nf3 Nd3 29. Rc7 Qa4 30. Bc3 Nc5 31. Nd4 Qe8 32. Nc6 Rd7 33. Rxd7 Qxd7 34.
Qxd7 Nxd7 35. Ne7# 1-0

[Event "Tradewise Hastings Masters 15-16"]
[Site "Hastings, England"]
[Date "2015.12.31"]
[Round "4.16"]
[White "Khenkin, Igor"]
[Black "ter Steeg, Marcus"]
[Result "1-0"]
[WhiteElo "2605"]
[BlackElo "2036"]
[PlyCount "59"]
[EventDate "2015.??.??"]

1. d4 Nf6 2. c4 e6 3. Nf3 c5 4. e3 b6 5. Nc3 Bb7 6. d5 exd5 7. cxd5 d6 8. e4 g6
9. e5 dxe5 10. Bb5+ Nfd7 11. Nxe5 a6 12. Bxd7+ Nxd7 13. Nc6 Bxc6 14. dxc6 Qe7+
15. Be3 Nf6 16. O-O Bg7 17. Bf4 Rd8 18. Qb3 O-O 19. Qxb6 Nh5 20. Rfe1 Qf6 21.
Be5 Qg5 22. c7 Rc8 23. Bd6 Nf4 24. Bxf4 Qxf4 25. Nd5 Qh4 26. Ne7+ Kh8 27. Nxc8
Bd4 28. Re2 Rxc8 29. Qb8 Qg4 30. Re8+ 1-0

[Event "Tradewise Hastings Masters 15-16"]
[Site "Hastings, England"]
[Date "2015.12.31"]
[Round "4.17"]
[White "Williams, Simon K"]
[Black "Gallagher, Daniel GH"]
[Result "1-0"]
[WhiteElo "2439"]
[BlackElo "2010"]
[PlyCount "61"]
[EventDate "2015.??.??"]

1. e4 e5 2. Nf3 Nc6 3. Nc3 Nf6 4. Bb5 Nd4 5. Nxd4 exd4 6. e5 dxc3 7. exf6 Qxf6
8. dxc3 c6 9. Bd3 d5 10. O-O Bd6 11. Qh5 h6 12. Be3 Be6 13. f4 g6 14. Qf3 Qh4
15. g3 Qg4 16. f5 Qxf3 17. Rxf3 gxf5 18. Bxf5 c5 19. Raf1 h5 20. Bg5 Kd7 21.
Kg2 Raf8 22. Kh3 a6 23. Kh4 Be7 24. Bxe7 Kxe7 25. Bxe6 Kxe6 26. Re1+ Kd7 27.
Rd1 Kd6 28. Rf5 Re8 29. Rdxd5+ Kc6 30. Rxc5+ Kb6 31. Rce5 1-0

[Event "Tradewise Hastings Masters 15-16"]
[Site "Hastings, England"]
[Date "2015.12.31"]
[Round "4.18"]
[White "Norinkeviciute, Rasa"]
[Black "Bates, Richard A"]
[Result "0-1"]
[WhiteElo "2036"]
[BlackElo "2331"]
[PlyCount "72"]
[EventDate "2015.??.??"]

1. c4 g6 2. g3 Bg7 3. Bg2 Nf6 4. Nc3 O-O 5. e4 c5 6. Nge2 Nc6 7. O-O d6 8. d3
Rb8 9. h3 Ne8 10. Be3 Nd4 11. Rb1 Nc7 12. b4 b6 13. bxc5 dxc5 14. Bf4 Nxe2+ 15.
Nxe2 Bb7 16. Qc2 Rc8 17. Rfd1 Ne6 18. a4 Nxf4 19. Nxf4 Bc6 20. Qa2 e6 21. Qa3
Qc7 22. Ne2 Rfd8 23. Rd2 Rd7 24. Ra2 Rcd8 25. Nc1 Bh6 26. Bf1 f5 27. exf5 exf5
28. a5 f4 29. axb6 axb6 30. g4 Bb7 31. Bg2 Bxg2 32. Kxg2 f3+ 33. Kg1 Qe5 34.
Nb3 Rxd3 35. Raa1 Be3 36. Re1 Qg3+ 0-1

[Event "Tradewise Hastings Masters 15-16"]
[Site "Hastings, England"]
[Date "2015.12.31"]
[Round "4.19"]
[White "Cafferty, Bernard"]
[Black "Anderson, John"]
[Result "1/2-1/2"]
[WhiteElo "2096"]
[BlackElo "2247"]
[PlyCount "125"]
[EventDate "2015.??.??"]

1. c4 Nf6 2. Nc3 g6 3. g3 Bg7 4. Bg2 O-O 5. d4 d6 6. Nf3 Nbd7 7. O-O e5 8. h3
c6 9. Be3 Re8 10. Rc1 a6 11. dxe5 Nxe5 12. Nxe5 dxe5 13. Na4 Nd7 14. Qb3 Qc7
15. Rfd1 f5 16. c5+ Kh8 17. Qf7 Rf8 18. Qe7 Bf6 19. Qd6 Qxd6 20. cxd6 g5 21.
Bb6 a5 22. Bc7 Kg7 23. g4 fxg4 24. hxg4 Bd8 25. Nc5 Nxc5 26. Rxc5 Bxc7 27. dxc7
Bxg4 28. Rxe5 Kf6 29. Re3 Rac8 30. Rd6+ Kg7 31. Rg3 Bh5 32. Rxg5+ Bg6 33. Be4
Rf6 34. Rd7+ Rf7 35. Rxf7+ Kxf7 36. Bxg6+ hxg6 37. Rxa5 Rxc7 38. Ra7 Ke6 39.
Kg2 Kd6 40. Kf3 Rf7+ 41. Ke3 Kc7 42. Ra8 Re7+ 43. Kf3 Rf7+ 44. Kg3 Rd7 45. Rg8
Rd2 46. Rg7+ Kb6 47. e4 Rxb2 48. Rxg6 Rxa2 49. f4 Kc5 50. f5 Ra1 51. Kf4 b5 52.
Rg8 b4 53. Rb8 Rf1+ 54. Ke5 Kc4 55. f6 c5 56. Ke6 Kb3 57. f7 c4 58. f8=Q Rxf8
59. Rxf8 c3 60. e5 c2 61. Rc8 Kb2 62. Kd5 b3 63. e6 1/2-1/2

[Event "Tradewise Hastings Masters 15-16"]
[Site "Hastings, England"]
[Date "2015.12.31"]
[Round "4.20"]
[White "Prosviriakov, Vladimir"]
[Black "Ramstad, Havard"]
[Result "1-0"]
[WhiteElo "2232"]
[BlackElo "2026"]
[PlyCount "61"]
[EventDate "2015.??.??"]

1. e4 c6 2. Nc3 d5 3. Nf3 Bg4 4. h3 Bxf3 5. Qxf3 e6 6. d4 Nd7 7. Bf4 Ne7 8.
O-O-O Ng6 9. Bg3 a6 10. h4 h5 11. exd5 cxd5 12. Bd3 Qf6 13. Qe3 Ne7 14. Bf4 g6
15. Bg5 Qg7 16. Rhe1 O-O-O 17. Qe2 Nb8 18. Kb1 Rd6 19. Bf4 Rc6 20. Be5 f6 21.
Bg3 Qf7 22. Qf3 Nf5 23. Bxf5 gxf5 24. Re2 Bb4 25. Re3 Nd7 26. Ne2 Nb6 27. c3
Bf8 28. Nf4 Nc4 29. Re2 b5 30. Nxe6 Nb6 31. Qxf5 1-0

[Event "Tradewise Hastings Masters 15-16"]
[Site "Hastings, England"]
[Date "2015.12.31"]
[Round "4.21"]
[White "Rolvag, Mikael"]
[Black "Sikkel, Dirk"]
[Result "1/2-1/2"]
[WhiteElo "2221"]
[BlackElo "1991"]
[PlyCount "118"]
[EventDate "2015.??.??"]

1. c4 g6 2. g3 Bg7 3. Bg2 e5 4. Nc3 Nc6 5. d3 d6 6. e3 f5 7. Nge2 Nf6 8. Rb1
Be6 9. Nd5 Qd7 10. Qa4 O-O 11. Nec3 Rf7 12. O-O Nd8 13. Qa5 c6 14. Nxf6+ Bxf6
15. Bd2 Rg7 16. e4 Nf7 17. Be3 a6 18. Qa4 Rf8 19. exf5 gxf5 20. f4 exf4 21.
Bxf4 Be5 22. Ne2 d5 23. c5 Bf6 24. d4 Re8 25. Nc1 Ng5 26. Nd3 Ne4 27. Rbc1 h5
28. Ne5 Bxe5 29. Bxe5 Rh7 30. Rf4 Ree7 31. Qb4 Qe8 32. Rh4 Qg6 33. Rf1 Nf6 34.
Qd2 Bd7 35. Bf3 Ng4 36. Bf4 Re6 37. h3 Nf6 38. Be5 Ne4 39. Qf4 Ree7 40. Kh2 Ng5
41. Bd1 Nf7 42. Re1 Ng5 43. Re3 Ne4 44. Qf3 Be8 45. Qe2 Rd7 46. b4 Ng5 47. a4
Ne4 48. Bb3 Bf7 49. Ba2 Qe6 50. b5 axb5 51. axb5 Bg6 52. Ra3 Qe8 53. b6 Rhe7
54. Qc2 Rxe5 55. dxe5 Qxe5 56. Rf4 Kh7 57. Ra8 d4 58. Bg8+ Kg7 59. Bc4 Nxg3
1/2-1/2

[Event "Tradewise Hastings Masters 15-16"]
[Site "Hastings, England"]
[Date "2015.12.31"]
[Round "4.22"]
[White "Rice, Chris B"]
[Black "Gluckman, David"]
[Result "0-1"]
[WhiteElo "1956"]
[BlackElo "2219"]
[PlyCount "50"]
[EventDate "2015.??.??"]

1. c4 Nf6 2. g3 d5 3. cxd5 Nxd5 4. Bg2 g6 5. Nc3 Nxc3 6. bxc3 Bg7 7. Rb1 Nc6 8.
d4 O-O 9. Nf3 b6 10. Nd2 Bb7 11. O-O Na5 12. e4 c5 13. dxc5 Qc7 14. cxb6 axb6
15. Qf3 Rfd8 16. Qe3 Bxc3 17. Rd1 Bd4 18. Qf3 Qc2 19. Ba3 Nc6 20. Qb3 Bxf2+ 21.
Kxf2 Rxd2+ 22. Rxd2 Qxd2+ 23. Kg1 Nd4 24. Qxb6 Qe3+ 25. Kf1 Ba6+ 0-1

[Event "Tradewise Hastings Masters 15-16"]
[Site "Hastings, England"]
[Date "2015.12.31"]
[Round "4.23"]
[White "Golding, Alex"]
[Black "Cunningham, Robin"]
[Result "0-1"]
[WhiteElo "1955"]
[BlackElo "2205"]
[PlyCount "24"]
[EventDate "2015.??.??"]

1. e4 Nf6 2. Nc3 e5 3. Nf3 Nc6 4. Be2 d5 5. exd5 Nxd5 6. O-O $2 Nxc3 7. dxc3
Qxd1 8. Rxd1 Bf5 9. Bb5 Bd6 10. Bxc6+ bxc6 11. Nxe5 Bxe5 12. Re1 O-O-O 0-1

[Event "Tradewise Hastings Masters 15-16"]
[Site "Hastings, England"]
[Date "2015.12.31"]
[Round "4.24"]
[White "Kett, Tim"]
[Black "Pickersgill, Adrian O"]
[Result "1/2-1/2"]
[WhiteElo "2192"]
[BlackElo "1986"]
[PlyCount "103"]
[EventDate "2015.??.??"]

1. e4 d6 2. d4 Nf6 3. Nc3 c6 4. h3 Qa5 5. Bd2 e5 6. Nd5 Qd8 7. Nxf6+ Qxf6 8.
Nf3 h6 9. Bc3 Nd7 10. g3 Be7 11. Bg2 O-O 12. O-O Re8 13. Nh2 Qg6 14. Ng4 Nf6
15. dxe5 Nxg4 16. hxg4 dxe5 17. Bxe5 Bxg4 18. Qd4 b6 19. Qc3 Rad8 20. a3 c5 21.
f3 Bc8 22. Rad1 Bd6 23. Bxd6 Rxd6 24. Rxd6 Qxd6 25. f4 Rd8 26. Bf3 Qd4+ 27.
Qxd4 Rxd4 28. Rd1 Rxd1+ 29. Bxd1 f6 30. Kf2 Kf7 31. Ke3 Bb7 32. Be2 Ke6 33.
Bc4+ Kd6 34. c3 Bc6 35. b4 cxb4 36. cxb4 g5 37. Be2 a5 38. Bh5 axb4 39. axb4
Bd7 40. Kd4 gxf4 41. gxf4 Be6 42. Bf3 Bf7 43. Ke3 Ke6 44. Kf2 Kd6 45. Kg3 Bg6
46. Kh4 Ke7 47. Kg3 Kd6 48. Kf2 Bf7 49. Ke3 Be6 50. Kd4 Bf7 51. Bg4 Bb3 52. Bh5
1/2-1/2

[Event "Tradewise Hastings Masters 15-16"]
[Site "Hastings, England"]
[Date "2015.12.31"]
[Round "4.25"]
[White "Golding, James"]
[Black "Crocker, Philip J"]
[Result "1/2-1/2"]
[WhiteElo "1882"]
[BlackElo "2169"]
[PlyCount "85"]
[EventDate "2015.??.??"]

1. d4 Nf6 2. c4 g6 3. f3 d5 4. cxd5 Nxd5 5. e4 Nb6 6. Nc3 Bg7 7. Be3 O-O 8. Qd2
Nc6 9. O-O-O f5 10. e5 Nb4 11. Nh3 Be6 12. Kb1 Qd7 13. Nf4 Rfd8 14. h4 Bf7 15.
Ka1 c5 16. Nb5 Bxa2 17. dxc5 Bb3 18. Qxd7 Nxd7 19. Rc1 Nxe5 20. Nd4 Rxd4 21.
Bxd4 Nc2+ 22. Rxc2 Bxc2 23. Bxe5 Bxe5 24. Bc4+ Kh8 25. Ne6 Bf6 26. f4 h5 27. g3
Be4 28. Re1 Rc8 29. Ka2 Bc6 30. Rd1 Be8 31. b4 b6 32. Rd3 Bf7 33. cxb6 axb6 34.
Kb3 b5 35. Bd5 Rc1 36. Nc7 Rb1+ 37. Ka2 Ra1+ 38. Kb3 Bxd5+ 39. Rxd5 Rb1+ 40.
Ka3 Ra1+ 41. Kb3 Rb1+ 42. Ka3 Ra1+ 43. Kb3 1/2-1/2